Giáo trình ứng dụng công nghệ thông tin trong dạy học
Nội dung sách giới thiệu về các đặc trưng của Multimedia, cách thiết kế dạy học theo mô hình MNS, một số kỹ thuật nâng cao trong powerpoint.
محفوظ في:
| المؤلف الرئيسي: | |
|---|---|
| التنسيق: | كتاب |
| اللغة: | Undetermined |
| منشور في: |
Thành phố Hồ Chí Minh
Nxb. Đại học Quốc gia Thành phố Hồ Chí Minh
2008
|
| الموضوعات: | |
| الوسوم: |
إضافة وسم
لا توجد وسوم, كن أول من يضع وسما على هذه التسجيلة!
|
| Thư viện lưu trữ: | Trung tâm Học liệu Trường Đại học Cần Thơ |
|---|
| LEADER | 01048nam a2200241Ia 4500 | ||
|---|---|---|---|
| 001 | CTU_140614 | ||
| 008 | 210402s9999 xx 000 0 und d | ||
| 020 | |c 30000 | ||
| 082 | |a 371.90433 | ||
| 082 | |b C561 | ||
| 100 | |a Đỗ, Mạnh Cường | ||
| 245 | 0 | |a Giáo trình ứng dụng công nghệ thông tin trong dạy học | |
| 245 | 0 | |c Đỗ Mạnh Cường | |
| 260 | |a Thành phố Hồ Chí Minh | ||
| 260 | |b Nxb. Đại học Quốc gia Thành phố Hồ Chí Minh | ||
| 260 | |c 2008 | ||
| 520 | |a Nội dung sách giới thiệu về các đặc trưng của Multimedia, cách thiết kế dạy học theo mô hình MNS, một số kỹ thuật nâng cao trong powerpoint. | ||
| 526 | |a Ứng dụng công nghệ thông tin trong dạy học Ngữ Văn | ||
| 526 | |b SG208 | ||
| 650 | |a Teaching,Giảng dạy | ||
| 650 | |x Aids and devices,Dụng cụ và thiết bị | ||
| 904 | |i Tuyến | ||
| 980 | |a Trung tâm Học liệu Trường Đại học Cần Thơ | ||